[Event "VIII World's Youth Stars"]
[Site "Kirishi RUS"]
[Date "2010.05.13"]
[Round "5"]
[White "Bukavshin,I"]
[Black "Belous,V"]
[Result "1/2-1/2"]
[WhiteElo "2435"]
[BlackElo "2471"]

1.e4 c5 2.Nf3 Nc6 3.Nc3 g6 4.d4 cxd4 5.Nxd4 Bg7 6.Be3 Nf6 7.Bc4 O-O 8.Bb3 d6
9.f3 Qa5 10.Qd2 Nxd4 11.Bxd4 Be6 12.O-O-O Rfc8 13.Kb1 Bxb3 14.cxb3 b5 15.Rhe1 b4
16.Bxf6 bxc3 17.Bxc3 Bxc3 18.bxc3 Rxc3 19.Re3 Rac8 20.Rxc3 Qxc3 21.Qxc3 Rxc3
22.Rc1 Rxc1+ 23.Kxc1 Kf8 24.Kc2 Ke8 25.Kc3 Kd7 26.Kc4 Kc6 27.b4 a6 28.a4 e6
29.h4 h6 30.g4 Kb6 31.f4 Kc6 32.f5 g5 33.hxg5 hxg5 34.fxe6 fxe6 35.b5+ axb5+
36.axb5+ Kb6 37.Kb4 Kb7 38.Ka5 Ka7 39.b6+ Kb7 40.Kb5 e5 41.Ka5 d5 42.exd5 e4
43.d6 e3 44.d7 e2 45.d8=Q e1=Q+ 46.Kb5 Qe8+ 47.Qxe8  1/2-1/2

[Event "TCh-UKR Clubs"]
[Site "Alushta UKR"]
[Date "2010.05.14"]
[Round "2"]
[White "Lastin,A"]
[Black "Meleshko,V"]
[Result "1-0"]
[WhiteElo "2643"]
[BlackElo "2215"]

1.e4 c5 2.Nf3 Nc6 3.Nc3 a6 4.d4 cxd4 5.Nxd4 d6 6.Be3 Nf6 7.f3 e6 8.Qd2 Be7
9.g4 O-O 10.O-O-O Nxd4 11.Bxd4 Nd7 12.h4 b5 13.g5 Qc7 14.Kb1 b4 15.Ne2 Ne5
16.f4 Nc4 17.Qd3 e5 18.Ng3 Na3+ 19.bxa3 exd4 20.a4 Bd7 21.Qxd4 Rfc8 22.Bd3 Bxa4
23.Nf5 Bf8 24.Ne3 Rab8 25.Rh2 a5 26.Nd5 Qc5 27.Qxc5 Rxc5 28.h5 Bc6 29.f5 Bxd5
30.exd5 Be7 31.Rg2 Kf8 32.h6 gxh6 33.f6 Bd8 34.Bxh7 Rbb5 35.gxh6 Bxf6 36.Re1  1-0

[Event "Chladek & Tintera Open"]
[Site "Hradec Kralove CZE"]
[Date "2010.05.15"]
[Round "1"]
[White "Vojtisek,Milos"]
[Black "Bednar,Ma"]
[Result "0-1"]
[WhiteElo "1807"]
[BlackElo "2225"]

1.e4 c5 2.Nc3 Nc6 3.Nf3 Nf6 4.d4 cxd4 5.Nxd4 e6 6.Nxc6 bxc6 7.Bd3 d5 8.exd5 cxd5
9.O-O Bd6 10.Bg5 O-O 11.Qf3 h6 12.Bh4 Bb7 13.Nb5 Bb8 14.Bxf6 Qxf6 15.Qxf6 gxf6
16.Nd4 Be5 17.Nf3 Rfc8 18.c3 Bd6 19.Rfe1 Rc5 20.Nd4 Rac8 21.Nb3 R5c7 22.Nd4 a6
23.Rad1 f5 24.Nxe6 fxe6 25.Rxe6 Bf8 26.Bxf5 Rd8 27.h4 Rg7 28.Rxh6 Rxg2+ 29.Kxg2 Bxh6
30.Kg3 Kf7 31.Rd4 Bf8 32.Kg4 Bd6 33.h5 Kf6 34.Bg6 Bc8+ 35.Kh4 Kg7 36.f4 Rf8
37.f5 Be7+ 38.Kg4 Rd8 39.Kf4 Bc5 40.Rd1 Bd6+ 41.Kg5 Be7+ 42.Kg4 Bf6 43.h6+ Kxh6
44.Kf4 Kg7 45.Rg1 Kf8 46.Bh7 Ke7 47.Rg8 Kd6 48.Rxd8+ Bxd8 49.Ke3 Ke5 50.Kd3 Bf6
51.Bg6 Bd7 52.a3 Bb5+ 53.Kc2 a5 54.Kb3 Be7 55.a4 Bd7 56.f6 Kxf6 57.Bc2 Bd6
58.Ka2 Ke5 59.b3 Kf4 60.Kb2 Ke3 61.Kc1 Ba3+ 62.Kd1 Bg4+ 63.Ke1 Bb2 64.c4 Be2  0-1

[Event "TCh-UKR Clubs"]
[Site "Alushta UKR"]
[Date "2010.05.16"]
[Round "5"]
[White "Sevostianov,P"]
[Black "Iljin,T"]
[Result "1-0"]
[WhiteElo "2245"]
[BlackElo "2422"]

1.e4 c5 2.Nc3 Nc6 3.Bb5 Nd4 4.Bc4 Nf6 5.Nge2 e6 6.d3 d5 7.Bb3 Nxb3 8.axb3 Be7
9.O-O O-O 10.Bg5 d4 11.Nb1 b5 12.Nd2 Bb7 13.h3 Nd7 14.Bxe7 Qxe7 15.Ng3 a6
16.Qg4 Ne5 17.Qe2 f5 18.exf5 exf5 19.f4 Nc6 20.Qxe7 Nxe7 21.Rae1 Nd5 22.Re5 g6
23.Nf3 Ne3 24.Rc1 Rac8 25.c3 Nd5 26.Ne2 dxc3 27.bxc3 Rfe8 28.Kf2 h6 29.g4 fxg4
30.hxg4 Nf6 31.Rg1 Nd7 32.Rxe8+ Rxe8 33.g5 h5 34.Nh4 Kg7 35.f5 Ne5 36.Nf4 Ng4+
37.Rxg4 hxg4 38.Nhxg6 a5 39.d4 cxd4 40.cxd4 Be4 41.f6+ Kf7 42.Ne5+ Rxe5 43.dxe5 Bf5
44.Ke3 a4 45.bxa4 bxa4 46.Kd4 g3 47.Kc3 a3 48.Kb3 Ke8 49.Kxa3 Be4 50.Kb4 g2
51.Ne2 Kd7 52.Kc5 Ke6 53.Kd4 Bg6 54.Nf4+ Kf5 55.Nxg2 Kxg5 56.Ne3 Bf7 57.Kc5 Bb3
58.Kd6 Kg6 59.Ke7 Bg8 60.e6 Bxe6 61.Kxe6 Kg5 62.f7 Kf4 63.Nd5+ Ke4 64.f8=Q Kd4
65.Qf4+ Kc5 66.Qb4+  1-0

[Event "TCh-UKR Clubs"]
[Site "Alushta UKR"]
[Date "2010.05.16"]
[Round "6"]
[White "Nesteretz,A"]
[Black "Kusnetsov,Sergey"]
[Result "1-0"]
[WhiteElo "2408"]
[BlackElo "2347"]

1.e4 c5 2.Nc3 Nc6 3.Bb5 Nd4 4.Bc4 e6 5.Nge2 Ne7 6.Nxd4 cxd4 7.Ne2 Nc6 8.d3 Be7
9.O-O O-O 10.a3 d6 11.f4 Bd7 12.Rf3 Rc8 13.Ba2 Qb6 14.Rh3 g6 15.g4 d5 16.Ng3 dxe4
17.Nxe4 f5 18.gxf5 Rxf5 19.Ng3 Rf7 20.f5 gxf5 21.Qh5 Qc5 22.Bf4 Ne5 23.Nxf5 Ng6
24.Nxe7+ Qxe7 25.Be5 Rc5 26.Qxg6+  1-0

[Event "ch-Commonwealth"]
[Site "Delhi IND"]
[Date "2010.05.16"]
[Round "9"]
[White "Lokesh,P"]
[Black "Vaibhav,S"]
[Result "0-1"]
[WhiteElo "2131"]
[BlackElo "2347"]

1.e4 c5 2.Nc3 Nc6 3.Nf3 e6 4.Bb5 Nd4 5.Bc4 Nf6 6.O-O a6 7.a4 d5 8.Bd3 Be7
9.exd5 Nxf3+ 10.Qxf3 exd5 11.Bf5 O-O 12.d3 h6 13.Bxc8 Rxc8 14.Bf4 Qd7 15.Be5 Rfd8
16.Rfe1 Rc6 17.h3 Nh7 18.Qg4 Qxg4 19.hxg4 Rd7 20.Re2 Nf8 21.Rae1 Ne6 22.Kh2 Bd8
23.Nd1 Ba5 24.Bc3 Bc7+ 25.g3 d4 26.Bd2 c4 27.Bb4 cxd3 28.cxd3 Rb6 29.Ba5 Rb3
30.Bxc7 Rxc7 31.Rd2 Rb4 32.f4 Rc1 33.Re5 Rxa4 34.Nf2 Raa1 35.Rd5 Rab1 36.Ne4 Rc6
37.f5 Ng5 38.Nxg5 hxg5 39.Rd8+ Kh7 40.Rxd4 Rb6 41.b4 R6xb4 42.Rxb4 Rxb4 43.d4 Kg8
44.Kg2 Kf8 45.Kf3 a5 46.Ke4 a4 47.Kd5 a3 48.Ra2 Ra4 49.Kc5 Ke7 50.d5 Ra6
51.Re2+ Kd7 52.Ra2 f6 53.d6 Rc6+ 54.Kb5 Rc3 55.Rg2 Rb3+ 56.Ka4 Rb2 57.Rg1 a2
58.Ra1 Kxd6 59.Rd1+ Ke5 60.Re1+ Kd4 61.Rd1+ Ke3 62.Re1+ Kf2 63.Ra1 Kxg3  0-1

[Event "ch-Commonwealth"]
[Site "Delhi IND"]
[Date "2010.05.16"]
[Round "9"]
[White "Iuldachev,S"]
[Black "Bocharov,D"]
[Result "0-1"]
[WhiteElo "2511"]
[BlackElo "2592"]

1.e4 c5 2.Nc3 Nc6 3.Nf3 e6 4.Bb5 Nd4 5.O-O a6 6.Bd3 Nc6 7.Re1 Qc7 8.b3 d6
9.Bb2 Nf6 10.Bf1 Be7 11.Ne2 Nxe4 12.Bxg7 Rg8 13.Bb2 Bd7 14.Ng3 Nxg3 15.hxg3 e5
16.a3 f5 17.d4 cxd4 18.c3 d3 19.Qxd3 O-O-O 20.Qd5 Rg6 21.c4 e4 22.Nd4 Nxd4
23.Qxd4 h5 24.Rad1 h4 25.gxh4 Bxh4 26.Bc1 Bc6 27.Bf4 Qh7 28.Qa7 Bg5 29.Bxg5 Rxg5
30.f4 exf3 31.c5 fxg2  0-1

[Event "ch-Commonwealth"]
[Site "Delhi IND"]
[Date "2010.05.16"]
[Round "9"]
[White "Dzhumaev,M"]
[Black "Navalgund,N"]
[Result "1/2-1/2"]
[WhiteElo "2495"]
[BlackElo "2158"]

1.e4 c5 2.Nf3 Nc6 3.Nc3 g6 4.Bb5 Bg7 5.O-O e5 6.d3 h6 7.Be3 Nd4 8.Bc4 d6
9.Nd2 Nf6 10.Nd5 Nxd5 11.Bxd5 Ne6 12.c3 O-O 13.a4 Rb8 14.Nc4 b6 15.f4 exf4
16.Bxf4 Nxf4 17.Rxf4 Qe7 18.Qb3 Kh7 19.Raf1 f5 20.R4f3 Bd7 21.Qd1 Rf6 22.Ne3 Rbf8
23.exf5 Bxf5 24.h4 Be6 25.Rxf6 Rxf6 26.h5 Rxf1+ 27.Qxf1 gxh5 28.Bxe6 Qxe6
29.Qf5+ Qxf5 30.Nxf5 Bf8 31.Kf2 Kg6 32.Ne3 Kf6 33.Nd5+ Ke5 34.c4 Bg7 35.Nc7 Bf6
36.Nb5 d5 37.b3 dxc4 38.bxc4 a6 39.Nc7 Bd8 40.Nxa6 Kd6 41.d4 cxd4 42.Ke2 Be7
43.Nb4 Kc5 44.Nd5 Bd8 45.Kd3 Bg5 46.Nc7 Bf6 47.Ne6+ Kb4 48.Nf4 Kxa4 49.Nd5 Bd8
50.Kxd4 Kb3 51.Kd3 Kb2 52.Nf4 h4 53.Nd5 Kc1 54.Nc3 Bg5 55.Ke2  1/2-1/2

[Event "Chladek & Tintera Open"]
[Site "Hradec Kralove CZE"]
[Date "2010.05.17"]
[Round "3"]
[White "Kudr,R"]
[Black "Tsapanidis,V"]
[Result "1-0"]
[WhiteElo "2006"]
[BlackElo "1768"]

1.e4 c5 2.Nc3 Nc6 3.Nge2 Nf6 4.d4 cxd4 5.Nxd4 Qb6 6.Nb3 e6 7.Be3 Qd8 8.a3 b6
9.Be2 Be7 10.O-O O-O 11.f4 d6 12.Bf3 Bb7 13.Qe1 Ba6 14.e5 dxe5 15.Bxc6 Rc8
16.Bb5 Bxb5 17.Nxb5 exf4 18.Bxf4 Rxc2 19.Rf2 Rc4 20.Qe2 Re4 21.Qc2 Qa8 22.Rc1 Ng4
23.Rf3 e5 24.h3 exf4 25.hxg4 Qe8 26.Qxe4 Qxb5 27.Qxe7  1-0

[Event "TCh-UKR Clubs"]
[Site "Alushta UKR"]
[Date "2010.05.18"]
[Round "8"]
[White "Polivanov,A"]
[Black "Korobov,A"]
[Result "0-1"]
[WhiteElo "2381"]
[BlackElo "2649"]

1.e4 c5 2.Nc3 Nc6 3.Nge2 Nf6 4.d4 cxd4 5.Nxd4 d6 6.Bc4 Qb6 7.Be3 Qxb2 8.Ndb5 Qb4
9.Qe2 Be6 10.Bxe6 fxe6 11.O-O Rc8 12.Rab1 Qa5 13.Rb3 g6 14.Ra3 Qd8 15.Nxa7 Nxa7
16.Bxa7 Bg7 17.e5 dxe5 18.Qxe5 Kf7 19.Ne4 Nxe4 20.Qxe4 Qd5 21.Qxd5 exd5 22.Rb3 Rxc2
23.Rxb7 Rxa2 24.Re1 Re8 25.Bc5 Ra1 26.Rxa1 Bxa1 27.g4 Bf6 28.Rc7 Ra8 29.f4 Ra4
30.g5 Bd4+ 31.Kg2 Bxc5 32.Rxc5 Rxf4 33.Rxd5 Rf5 34.Rd7 Rxg5+ 35.Kf3 Rf5+
36.Kg3 Kf6 37.Ra7 Rb5 38.Kf3 Rb3+ 39.Kg2 g5 40.Ra6+ e6 41.Ra7 h5 42.Ra5 h4
43.Ra4 Kf5  0-1

[Event "4th All China Games Rapid"]
[Site "Hefei CHN"]
[Date "2010.05.18"]
[Round "5"]
[White "Yu Shaoteng"]
[Black "Du Shan"]
[Result "1-0"]
[WhiteElo "2529"]
[BlackElo "2378"]

1.e4 c5 2.Nc3 Nc6 3.Bb5 g6 4.Bxc6 dxc6 5.d3 Bg7 6.Nge2 Nf6 7.Be3 b6 8.h3 O-O
9.Qd2 Re8 10.O-O Nd7 11.Bh6 Bh8 12.f4 Nf8 13.f5 e6 14.fxg6 hxg6 15.Qf4 Qd7
16.e5 Qe7 17.Ne4 Nd7 18.Nf6+ Nxf6 19.exf6 e5 20.Qh4 Qd6 21.Kh1 Be6 22.Ng3 Qd4
23.Ne4 Bd5 24.Rae1 c4 25.Be3 Qxb2 26.Ng5 Bxf6 27.Rxf6 Kf8 28.dxc4 e4 29.cxd5  1-0

[Event "4th All China Games Rapid"]
[Site "Hefei CHN"]
[Date "2010.05.19"]
[Round "8"]
[White "Li Chao2"]
[Black "Yu Yangyi"]
[Result "1-0"]
[WhiteElo "2619"]
[BlackElo "2585"]

1.e4 c5 2.Nf3 Nc6 3.Nc3 e5 4.Bc4 Be7 5.d3 d6 6.O-O h6 7.a3 Nf6 8.h3 Be6 9.Nd5 O-O
10.c3 Re8 11.b4 Bf8 12.Qb3 Rb8 13.a4 a6 14.a5 Nh7 15.Be3 Kh8 16.Nb6 Nf6 17.Rfd1 Nd7
18.Bxe6 Rxe6 19.Nd5 Kg8 20.Kh2 Be7 21.Nxe7+ Qxe7 22.Nd2 Rg6 23.Qc4 Rc8 24.b5 axb5
25.Qxb5 Rc7 26.a6 Na7 27.Qb3 b5 28.Nb1 Rc6 29.Na3 Rxa6 30.Nxb5 Rxa1 31.Rxa1 Nxb5
32.Qxb5 Nf8 33.Ra8 Re6 34.Qb8 g5 35.c4 Kg7 36.Bd2 Rg6 37.Ba5 Kg8 38.Bd8 Qe8
39.Qb7 Qd7 40.Qxd7 Nxd7 41.Bf6+  1-0

[Event "Municipality Cup"]
[Site "Tbilisi GEO"]
[Date "2010.05.22"]
[Round "8"]
[White "Umudova,N"]
[Black "Zaslavsky,M"]
[Result "0-1"]
[WhiteElo "2214"]
[BlackElo "2397"]

1.e4 c5 2.Nf3 Nc6 3.Nc3 e5 4.Bc4 Be7 5.d3 d6 6.Nd2 Bg5 7.h4 Bxd2+ 8.Bxd2 Nf6
9.O-O Bg4 10.Qe1 Nd4 11.Rc1 Qd7 12.f3 Be6 13.a4 O-O 14.b3 Kh8 15.Kh2 Nh5
16.Nd5 Bxd5 17.Bxd5 Nf4 18.Bxf4 exf4 19.c3 Ne6 20.g4 Nc7 21.Qd2 Qe7 22.Qxf4 Qxh4+
23.Kg2 Nxd5 24.exd5 Rae8 25.Rf2 Re5 26.c4 f5 27.Rh1 Qf6 28.g5 Qg6 29.Rh3 Kg8
30.Rg3 Rfe8 31.d4 Re1 32.dxc5 dxc5 33.Qd2 Qd6 34.f4 R8e4 35.Rh3 h6 36.Rg3 hxg5
37.fxg5 Rg1+ 38.Kxg1 Qxg3+ 39.Kf1 Qxb3 40.d6 Qb1+ 41.Kg2 Rg4+  0-1

[Event "Municipality Cup"]
[Site "Tbilisi GEO"]
[Date "2010.05.22"]
[Round "8"]
[White "Muzychuk,A"]
[Black "Siradze,S"]
[Result "1-0"]
[WhiteElo "2529"]
[BlackElo "2039"]

1.e4 c5 2.Nc3 Nc6 3.Bb5 Nd4 4.Bc4 d6 5.Nge2 Nf6 6.O-O e6 7.d3 d5 8.exd5 exd5
9.Nxd5 Nxd5 10.Nxd4 cxd4 11.Qh5 Be6 12.Re1 Be7 13.Rxe6 O-O 14.Re2 Nf6 15.Qf3 Qd7
16.Bd2 Bd6 17.h3 Qc7 18.Rae1 Nd7 19.Qg4 Ne5 20.Qxd4 Ng6 21.Bc3 Be5 22.Rxe5 Nxe5
23.Rxe5  1-0

[Event "64th Open ch-Ontario"]
[Site "Toronto CAN"]
[Date "2010.05.22"]
[Round "1"]
[White "Itkin,David"]
[Black "Doubleday,W"]
[Result "0-1"]
[WhiteElo "1768"]
[BlackElo "2097"]

1.e4 c5 2.Nc3 Nc6 3.Bb5 Nd4 4.Bc4 e6 5.Nf3 a6 6.Nxd4 cxd4 7.Ne2 b5 8.Bb3 Bb7
9.d3 Bc5 10.O-O Nf6 11.Ng3 h5 12.h3 h4 13.Ne2 d5 14.e5 Ng8 15.Nf4 Ne7 16.Nh5 Nf5
17.Qg4 Kf8 18.Qe2 Rc8 19.g4 hxg3 20.fxg3 Ne3 21.Bxe3 dxe3 22.Nf4 Kg8 23.c3 Qg5
24.d4 Qxg3+ 25.Kh1 g5 26.Rf3 Qh4 27.Ng2 Qe4 28.Bc2 Qg4 29.Qxe3 Bxd4 30.cxd4 Rxc2
31.Rg1 Re2 32.Nh4 Rxe3 33.Rxg4 Re1+  0-1

[Event "64th Open ch-Ontario"]
[Site "Toronto CAN"]
[Date "2010.05.22"]
[Round "1"]
[White "Kleinman,Michael"]
[Black "Wight,K"]
[Result "1-0"]
[WhiteElo "2075"]
[BlackElo "2012"]

1.e4 c5 2.Nc3 Nc6 3.Bb5 Nd4 4.Bc4 a6 5.Nf3 e6 6.Nxd4 cxd4 7.Ne2 b5 8.Bd3 Bc5
9.b4 Bxb4 10.Nxd4 Bb7 11.a4 Qf6 12.Nb3 Qg5 13.O-O f5 14.Qe2 Nf6 15.f4 Qh4
16.exf5 Ng4 17.g3 Qh5 18.Ba3 Bxa3 19.Rxa3 b4 20.Raa1 O-O 21.Nc5 Bc6 22.Bc4 Kh8
23.d4 Rxf5 24.Nxa6 Rf6 25.Nxb4 Bb7 26.c3 Rh6 27.Ra2 Qg6 28.Bd3 Rxh2 29.Qxh2 Nxh2
30.Bxg6 Nxf1 31.Kxf1 hxg6 32.a5 Be4 33.a6 Rc8 34.a7 Rxc3 35.d5  1-0

[Event "FIDE GP"]
[Site "Astrakhan RUS"]
[Date "2010.05.23"]
[Round "12"]
[White "Gashimov,V"]
[Black "Radjabov,T"]
[Result "1/2-1/2"]
[WhiteElo "2734"]
[BlackElo "2740"]

1.e4 c5 2.Nc3 Nc6 3.Bb5 Nd4 4.Bc4 g6 5.Nf3 Bg7 6.Nxd4 cxd4 7.Qf3 Nh6 8.Ne2 d6
9.d3 O-O 10.Nxd4 Ng4 11.c3 Ne5 12.Qe2 Nxc4 13.dxc4 e5 14.Nf3 f5 15.O-O b6
16.Rd1 Bb7 17.Ng5 Qe7 18.f3 f4 19.Nh3 g5 20.Nf2 Rf6 21.a4 a5 22.b3 Bf8 23.Ba3 Qg7
24.Rd3 Re8 25.Kf1 h5 26.h3 Rh6 27.Ke1 Ree6 28.Kd2 Reg6 29.Rg1 Bc8 30.g4 fxg3
31.Rxg3 d5 32.Bxf8 Qxf8 33.Qe3 dxc4 34.bxc4 Be6 35.Rxg5 Bxc4 36.Rd7 Qe8 37.Rd6 Kh7
38.Rgxg6 Rxg6 39.Qxb6 Qxa4 40.Rxg6 Qa2+ 41.Kc1 Qa1+ 42.Kc2 Qa4+ 43.Kb2 Qa2+
44.Kc1 Qa1+ 45.Kc2 Qa4+ 46.Kc1 Qa1+  1/2-1/2

[Event "34th Open"]
[Site "Fourmies FRA"]
[Date "2010.05.23"]
[Round "4"]
[White "Strugnell,C"]
[Black "Mousain,A"]
[Result "1-0"]
[WhiteElo "2255"]
[BlackElo "1940"]

1.e4 c5 2.Nc3 Nc6 3.Bb5 e6 4.Bxc6 bxc6 5.d3 d5 6.f4 Ba6 7.Nge2 c4 8.d4 c5
9.O-O Nf6 10.e5 Ng4 11.f5 h5 12.h3 cxd4 13.fxe6 fxe6 14.Qxd4 Rc8 15.Qf4 Bc5+
16.Nd4 Rf8 17.Qxf8+ Bxf8 18.Rxf8+ Kxf8 19.Nxe6+ Kg8 20.Nxd8 Rxd8 21.hxg4 hxg4
22.Bg5 Re8  1-0

[Event "64th Open ch-Ontario"]
[Site "Toronto CAN"]
[Date "2010.05.23"]
[Round "4"]
[White "Itkin,David"]
[Black "Wang,Jesse"]
[Result "0-1"]
[WhiteElo "1768"]
[BlackElo "1997"]

1.e4 c5 2.Nc3 Nc6 3.Nf3 d6 4.d4 cxd4 5.Nxd4 Nf6 6.Bg5 e6 7.Nxc6 bxc6 8.e5 Qa5
9.Bxf6 gxf6 10.exd6 Qe5+ 11.Be2 Rb8 12.Qd2 Qxd6 13.Qxd6 Bxd6 14.O-O-O Bf4+
15.Kb1 Ke7 16.Ne4 f5 17.Nc5 Bd6 18.Nb3 e5 19.Rd2 Bc7 20.Re1 Be6 21.Bf1 f6
22.Red1 Bb6 23.f3 Rbd8 24.Rxd8 Rxd8 25.Rxd8 Kxd8 26.Nd2 Be3 27.Nc4 Bg1 28.h3 e4
29.c3 e3 30.Kc2 f4 31.Kd3 Bf5+ 32.Kd4 e2+  0-1

[Event "III Copa Roggio C"]
[Site "Asuncion PAR"]
[Date "2010.05.24"]
[Round "4"]
[White "Daneri,M"]
[Black "Battaglia,J"]
[Result "1-0"]
[WhiteElo "2109"]
[BlackElo "1806"]

1.e4 c5 2.Nc3 Nc6 3.Bb5 d6 4.Bxc6+ bxc6 5.f4 d5 6.d3 e6 7.Nf3 Nf6 8.O-O Be7
9.Ne5 Bb7 10.Kh1 Nd7 11.Nf3 c4 12.dxc4 Ba6 13.exd5 cxd5 14.Nb5 O-O 15.Nfd4 Bxb5
16.cxb5 Bf6 17.Be3 Nb6 18.Nc6 Qc7 19.Bd4 Bxd4 20.Qxd4 Nc4 21.a4 a6 22.b3 Nd6
23.c4 Nf5 24.Qe5 Qb7 25.g4 Nh4 26.Qe1 Ng6 27.f5 axb5 28.cxb5 Ne7 29.Rc1 Rac8
30.Qc3 e5 31.Nxe7+  1-0

[Event "2nd SCS Open"]
[Site "Bhubaneswar IND"]
[Date "2010.05.24"]
[Round "4"]
[White "Tiwari,Ar"]
[Black "Maletin,P"]
[Result "0-1"]
[WhiteElo "2274"]
[BlackElo "2584"]

1.e4 c5 2.Nc3 Nc6 3.Bb5 Nd4 4.Bc4 e6 5.Nf3 Nf6 6.O-O Qc7 7.h3 a6 8.a4 b6
9.d3 Bb7 10.Ba2 Nxf3+ 11.Qxf3 Be7 12.Bf4 d6 13.Qe2 Bc6 14.Bg3 b5 15.f4 b4
16.Nd1 d5 17.e5 Nd7 18.f5 O-O 19.Ne3 c4 20.fxe6 fxe6 21.dxc4 d4 22.Nd5 Qd8
23.Qg4 Nc5 24.Rxf8+ Bxf8 25.Bh4 Qb8 26.Nf6+ Kh8 27.Re1 Qa7 28.Nh5 d3 29.Bf2 Qf7
30.Bb1 d2 31.Rd1 Ne4 32.Be3 Rd8 33.Ng3 Bc5 34.Bxc5 Nxc5 35.Qg5 Qd7 36.Qe3 Nxa4
37.Nf1 Qd4 38.Qxd4 Rxd4 39.b3 Nc3 40.Rxd2 Rxd2 41.Nxd2 h5 42.Kf2 h4 43.g3 Nd1+
44.Kg1 hxg3 45.c3 Nf2 46.Ne4 Nxe4  0-1

[Event "2nd Kahraman Olgac Mem"]
[Site "Instanbul TUR"]
[Date "2010.05.24"]
[Round "2"]
[White "Kulaots,K"]
[Black "Kanmazalp,O"]
[Result "1/2-1/2"]
[WhiteElo "2572"]
[BlackElo "2287"]

1.e4 c5 2.Nf3 Nc6 3.Nc3 Nf6 4.Bb5 g6 5.d3 Bg7 6.Bxc6 dxc6 7.O-O Bg4 8.h3 Bxf3
9.Qxf3 e5 10.a3 a5 11.Be3 Nd7 12.Qg3 Qe7 13.f4 exf4 14.Bxf4 Ne5 15.Bg5 f6
16.Be3 O-O 17.Na4 Nd7 18.Qc7 Qe6 19.Nxc5 Nxc5 20.Bxc5 Rf7 21.Qb6 a4 22.Rae1 Bf8
23.Bxf8 Raxf8 24.Qd4 b5 25.Qc3 Qd6 26.e5 fxe5 27.Rxf7 Rxf7 28.Qxe5 Qf8 29.d4 Rf6
30.Kh2 Rf2 31.d5 cxd5 32.Qxd5+ Kg7 33.Qd4+ Qf6 34.Re7+ Kh6 35.Qxf6 Rxf6 36.Kg3 Rf5
37.Re4 Kg5 38.c4 Kf6 39.Rf4 bxc4 40.Rxc4 Rb5 41.Rc2 Kf5 42.Kf3 h5 43.Ke3 Ke5
44.Kd3 Kd5 45.Rf2 Rb3+ 46.Kc2 Rg3 47.Re2 Kd4 48.Kd2 g5 49.Rf2 h4 50.Re2 Rd3+
51.Kc2 Rg3 52.Kd2 Rd3+ 53.Kc2 Rg3  1/2-1/2

[Event "2nd SCS Open"]
[Site "Bhubaneswar IND"]
[Date "2010.05.25"]
[Round "6"]
[White "Adhiban,B"]
[Black "Ramnath,B"]
[Result "1-0"]
[WhiteElo "2510"]
[BlackElo "2350"]

1.e4 c5 2.Nc3 Nc6 3.Bb5 Nd4 4.Nf3 e6 5.Ba4 a6 6.Nxd4 cxd4 7.Ne2 Nf6 8.d3 Qa5+
9.c3 dxc3 10.Nxc3 b5 11.Bb3 d6 12.O-O Be7 13.Bd2 Qd8 14.a4 Bd7 15.axb5 axb5
16.Ne2 O-O 17.Bb4 Re8 18.Rxa8 Qxa8 19.f3 Bf8 20.d4 Bc6 21.Qd2 Nd7 22.Rd1 Nb6
23.Nf4 d5 24.Bxf8 Rxf8 25.e5 Nc4 26.Qf2 Qa5 27.Nd3 Ra8 28.Bc2 Be8 29.h4 Qb6
30.Bb1 Ra1 31.Nc5 g6 32.b3 Na3 33.Qb2 Rxb1 34.Rxb1 Nxb1 35.Qxb1 Qa5 36.Qc1 Qb4
37.Qf4 h5 38.Nb7 Kf8 39.Nd6 Ke7 40.Kh2 Qe1 41.Qg5+ Kd7 42.Qf6 b4 43.Nxf7 Bxf7
44.Qxf7+ Kd8 45.Qf4 Kd7 46.Qf6 Qf2 47.Qf7+ Kd8 48.Qf8+ Kc7 49.Qe7+ Kb8 50.Qxb4+ Ka8
51.Kh3 Qg1 52.Qa5+ Kb7 53.Qb4+ Kc8 54.Qc3+ Kd7 55.Qd2 Kc6 56.Qc3+ Kd7 57.Qd2 Kc6
58.Kg3 Qh1 59.Qc3+ Kb5 60.Qc5+ Ka6 61.Qc6+ Ka5 62.Qc3+ Kb5 63.Qd2 Kc6 64.Qf4 Qe1+
65.Kh2 Qf2 66.Qf6 Kb5 67.Kh3 Qg1 68.Qxe6 Qh1+ 69.Kg3 Qe1+ 70.Kh2 Qxh4+ 71.Qh3 Qxd4
72.Qg3 h4 73.Qe1 Qf4+ 74.Kh3 Qf5+ 75.Kxh4 g5+ 76.Kg3 Qf4+ 77.Kh3 Qf5+ 78.Kh2 Qf4+
79.Kh1 g4 80.fxg4 Qxg4 81.e6 Qd4 82.e7 Qh8+ 83.Kg1 Qd4+ 84.Qf2 Qe4 85.Kf1 Kc6
86.Qe2 Qf4+ 87.Ke1 Qc1+ 88.Kf2 Qf4+ 89.Kg1 Qd4+ 90.Kf1 Qf4+ 91.Qf2 Qe4 92.Qf7 Qd3+
93.Kf2 Qc2+ 94.Kg3 Qxb3+ 95.Kh4 Qb4+ 96.Kh5  1-0

[Event "2nd Limpedea Cup"]
[Site "Baia Sprie ROM"]
[Date "2010.05.26"]
[Round "3"]
[White "Dvirnyy,D"]
[Black "Bonte,An"]
[Result "1-0"]
[WhiteElo "2459"]
[BlackElo "2307"]

1.Nf3 c5 2.e4 Nc6 3.Nc3 d6 4.d4 Bg4 5.d5 Bxf3 6.gxf3 Ne5 7.f4 Nd7 8.Be3 g6
9.h4 h5 10.e5 dxe5 11.fxe5 Nxe5 12.Bb5+ Nd7 13.Qf3 Bg7 14.d6 Bxc3+ 15.bxc3 exd6
16.O-O-O a6 17.Bg5 Qc7 18.Rhe1+ Kf8 19.Bf4 Qa5 20.Bxd6+ Kg7 21.Bxd7 Qxa2
22.Be6  1-0

[Event "ch-PHI w"]
[Site "Tagaytay City PHI"]
[Date "2010.05.26"]
[Round "3"]
[White "Suede,A"]
[Black "Cherry,A"]
[Result "1/2-1/2"]
[WhiteElo "1945"]
[BlackElo "1868"]

1.e4 c5 2.Nc3 Nc6 3.Bb5 e6 4.Bxc6 bxc6 5.d3 g6 6.e5 f6 7.f4 fxe5 8.fxe5 Bg7
9.Nf3 Qc7 10.Bf4 Ne7 11.Qd2 O-O 12.O-O Nd5 13.Bg3 Nxc3 14.Qxc3 Qb6 15.Bf2 d6
16.Rab1 Rf5 17.Rfe1 Qd8 18.Qa3 dxe5 19.Bxc5 Bb7 20.Re4 Qd5 21.Rbe1 a5 22.c4 Qd8
23.Be7 Qe8 24.Qc5 Qd7 25.Qd6 Qxd6 26.Bxd6 c5 27.R4e3 Ra6 28.Bxc5 e4 29.d4 exf3
30.gxf3 Kf7 31.d5 e5 32.Rb3 Bc8 33.Rb8 Bd7 34.Rb7 Ke8 35.Rb8+ Kf7 36.Rb7 Ke8
37.Rb8+ Kf7  1/2-1/2

[Event "2nd Limpedea Cup"]
[Site "Baia Sprie ROM"]
[Date "2010.05.27"]
[Round "4"]
[White "Thesing,M"]
[Black "Szabo,At1"]
[Result "1-0"]
[WhiteElo "2425"]
[BlackElo "2306"]

1.e4 c5 2.Nc3 Nc6 3.Bb5 g6 4.Bxc6 dxc6 5.d3 Bg7 6.Be3 b6 7.Qd2 e5 8.f4 exf4
9.Bxf4 Be6 10.Nf3 Qd7 11.O-O f6 12.a3 Ne7 13.Bh6 O-O 14.Rf2 Bg4 15.Ne2 Rad8
16.Bxg7 Kxg7 17.Qc3 Ng8 18.Raf1 Qe7 19.b4 Rfe8 20.bxc5 Qxc5 21.Qb2 Qe7 22.h3 Bxf3
23.gxf3 c5 24.f4 c4 25.Rf3 Qc5+ 26.R1f2 cxd3 27.cxd3 Rc8 28.Kg2 Ne7 29.f5 gxf5
30.Rg3+ Kf7 31.Qa2+ Kf8 32.Nf4 Ng6 33.Nxg6+ hxg6 34.Rxg6 fxe4 35.Rfxf6+ Ke7
36.Qf7+  1-0

[Event "2nd SCS Open"]
[Site "Bhubaneswar IND"]
[Date "2010.05.29"]
[Round "10"]
[White "Satyapragyan,S"]
[Black "Rajesh,VA"]
[Result "1/2-1/2"]
[WhiteElo "2463"]
[BlackElo "2302"]

1.e4 c5 2.Nf3 Nc6 3.Nc3 e5 4.Bc4 d6 5.d3 Be7 6.O-O Nf6 7.Ng5 O-O 8.f4 Bg4
9.Qe1 Nd4 10.fxe5 dxe5 11.Qh4 h5 12.Qf2 Be6 13.Nxe6 fxe6 14.Qg3 Nxc2 15.Bh6 Ng4
16.Bxe6+ Kh7 17.Bxg4 Qd4+ 18.Kh1 hxg4 19.Bxg7 Nxa1 20.Bxf8 Rxf8 21.Rxf8 Bxf8
22.Qh4+ Bh6 23.Qe7+ Bg7 24.Qh4+ Kg8 25.Nd5 Qxb2  1/2-1/2

[Event "2nd SCS Open"]
[Site "Bhubaneswar IND"]
[Date "2010.05.29"]
[Round "10"]
[White "Simonian,H"]
[Black "Ramnath,B"]
[Result "1-0"]
[WhiteElo "2521"]
[BlackElo "2350"]

1.e4 c5 2.Nc3 Nc6 3.Bb5 Nd4 4.Bc4 e6 5.Nge2 Nf6 6.O-O a6 7.a4 d5 8.exd5 exd5
9.Ba2 Nxe2+ 10.Qxe2+ Be7 11.d3 h6 12.Re1 Be6 13.f4 g6 14.Bd2 d4 15.Bxe6  1-0

[Event "XXIX Open A"]
[Site "Zalakaros HUN"]
[Date "2010.05.29"]
[Round "4"]
[White "Meszaros,T"]
[Black "Nemeth,D"]
[Result "0-1"]
[WhiteElo "2434"]
[BlackElo "2108"]

1.e4 c5 2.Nc3 Nc6 3.Bb5 g6 4.Bxc6 bxc6 5.f4 Bg7 6.Nf3 Ba6 7.d3 Nf6 8.e5 Nd5
9.Ne4 d6 10.c4 Nb6 11.Qe2 O-O 12.b3 Bc8 13.Bb2 f6 14.e6 f5 15.Neg5 Bxb2 16.Qxb2 Rf6
17.h4 h6 18.h5 Qf8 19.hxg6 Qg7 20.O-O-O Rxg6 21.g4 fxg4 22.f5 Qxb2+ 23.Kxb2 hxg5
24.Nh2 Rh6 25.Nxg4 Rxh1 26.Rxh1 Bxe6 27.fxe6 Kg7 28.Rh5 Kg6 29.Rh6+ Kf5 30.Ne3+ Ke5
31.Rg6 Kf4 32.Nf1 Kf5 33.Rh6 Rg8 34.Ng3+ Kf4 35.Ne4 g4 36.Rh7 Nc8 37.Ka3 g3
38.Nxg3 Kxg3 39.Rf7 Kg4 40.Ka4 Rg6 41.Ka5 Rxe6 42.Ka6 d5 43.Rf8 Nd6 44.Kxa7 Re3
45.Kb6 Rxd3 46.Kxc5 dxc4 47.bxc4 Rc3 48.Kxc6 Rxc4+ 49.Kd5 Ra4 50.Ke6 Nf5
51.Rg8+ Kf4 52.Rg2 Ra6+  0-1

[Event "Mitropa Cup"]
[Site "Chur SUI"]
[Date "2010.06.01"]
[Round "4"]
[White "Simacek,P"]
[Black "Jurcik,Mari"]
[Result "1-0"]
[WhiteElo "2518"]
[BlackElo "2487"]

1.e4 c5 2.Nf3 Nc6 3.Nc3 a6 4.d4 cxd4 5.Nxd4 e6 6.Nxc6 bxc6 7.Bd3 Qc7 8.O-O Nf6
9.Bg5 Be7 10.Qe2 d6 11.Kh1 e5 12.Na4 O-O 13.c4 c5 14.Nc3 Be6 15.f4 h6 16.Bxf6 Bxf6
17.f5 Bd7 18.Bc2 Bc6 19.Ba4 Bb7 20.Rad1 Rab8 21.Rd3 Ba8 22.Rfd1 Rb6 23.g3 Rfb8
24.R1d2 Bg5 25.Rc2 Qb7 26.h4 Bd8 27.Rdd2 Qe7 28.Kh2 Rc8 29.Qd3 Bc7 30.Rf2 Qf6
31.Rcd2 Rbb8 32.Nd1 Rb4 33.b3 Rb6 34.Ne3 h5 35.Kh3 Bd8 36.Nc2 Qh6 37.Rd1 Bf6
38.Rfd2 Be7 39.Qf3 Kh7 40.Rf2 Rh8 41.Ne3 Kg8 42.a3 Qf6 43.Kg2 Rh6 44.Kf1 Bd8
45.Ke2 Qe7 46.Rh1 Qb7 47.Nd5 Qb8 48.Nxb6 Qxb6 49.Kd3 Bf6 50.Rb1 Rh8 51.Rff1 Qa5
52.Rfc1 Kf8 53.Ke3 Ke7 54.Qd1 Qb6 55.Kf3 g5 56.hxg5 Bxg5 57.Rc2 Qb7 58.Qd3 Qc8
59.Kf2 h4 60.g4 h3 61.Rh1 h2 62.Kf1 Bf4 63.g5 Qc7 64.Rg2 Rg8 65.Ke2 Kd8 66.Rhxh2 Bxh2
67.Rxh2 Qe7 68.Rh5 Kc7 69.Qe3 Kb8 70.Kd3 Bb7 71.Kc3 Qd8 72.Kd3 Ka8 73.b4 cxb4
74.axb4 Rh8 75.Rh6 Rxh6 76.gxh6 Qh4 77.c5 dxc5 78.bxc5 Qh1 79.c6 Bc8 80.Kc4 Qa1
81.Bb3 Qa5 82.h7 Qb5+ 83.Kc3 Qxc6+ 84.Kd2 Qe8 85.Bd5+ Bb7 86.Qh6  1-0